Т. 1; Органическая химия

Detalhes bibliográficos
Parent link:Органическая химия: Углубленный курс/ Л. Физер, М. Физер; Под ред. Н. С. Вульфсона. Т. 1.— 2-е изд., доп. и перераб..— , 1969-1970
Idioma:russo
Publicado em: 1969
Assuntos:
Formato: Livro
KOHA link:https://koha.lib.tpu.ru/cgi-bin/koha/opac-detail.pl?biblionumber=69051

MARC

LEADER 00000nam2a2200000 4500
001 69051
005 20231101212424.0
035 |a (RuTPU)RU\TPU\book\73539 
090 |a 69051 
100 |a 20041015d1969 k y0rusy50 ca 
101 1 |a rus  |c eng 
102 |a RU 
105 |a a z 001zy 
200 0 |a Т. 1 
210 |d 1969 
215 |a 688 с.  |c ил. 
320 |a Предм. указ.: с. 663-688. 
461 1 |0 (RuTPU)RU\TPU\book\77324  |t Органическая химия  |o Углубленный курс  |o перевод с английского  |f Л. Физер, М. Физер  |g Под ред. Н. С. Вульфсона  |v Т. 1  |e 2-е изд., доп. и перераб.  |d 1969-1970 
606 1 |a Органическая химия  |2 stltpush  |3 (RuTPU)RU\TPU\subj\47309  |9 66362 
610 1 |a органическая химия 
610 1 |a стереохимия 
610 1 |a алканы 
610 1 |a алкены 
610 1 |a ацетилен 
610 1 |a нефть 
610 1 |a спирты 
610 1 |a замещение 
610 1 |a галоиды 
610 1 |a карбоновые кислоты 
610 1 |a альдегиды 
610 1 |a кетоны 
610 1 |a конденсация 
610 1 |a амины 
675 |a 547  |v 3 
801 1 |a RU  |b 63413507  |c 20041015  |g PSBO 
801 2 |a RU  |b 63413507  |c 20160624  |g PSBO 
942 |c BK